[Event "Russian Blitz Championship (m)"]
[Site "Sochi"]
[Date "2022.10.14"]
[Round "7.10"]
[White "Chigaev, Maksim"]
[Black "Bryakin, Mikhail"]
[Result "1-0"]
[BlackElo "2367"]
[WhiteElo "2537"]
[LiveChessVersion "1.4.8"]

1. c4 {[%clk 0:03:03]} Nf6 {[%clk 0:03:02]} 2. Nf3 {[%clk 0:03:03]} e6
{[%clk 0:03:03]} 3. g3 {[%clk 0:03:03]} d5 {[%clk 0:03:04]} 4. Bg2
{[%clk 0:03:05]} Be7 {[%clk 0:03:01]} 5. O-O {[%clk 0:03:05]} O-O
{[%clk 0:03:01]} 6. b3 {[%clk 0:03:05]} c5 {[%clk 0:02:54]} 7. cxd5
{[%clk 0:03:00]} Nxd5 {[%clk 0:02:55]} 8. Nc3 {[%clk 0:02:59]} Bf6
{[%clk 0:02:49]} 9. Bb2 {[%clk 0:02:57]} Nc6 {[%clk 0:02:46]} 10. Qc2
{[%clk 0:02:57]} Ndb4 {[%clk 0:02:40]} 11. Qb1 {[%clk 0:02:36]} Bd7
{[%clk 0:02:24]} 12. Ne4 {[%clk 0:01:53]} Bxb2 {[%clk 0:02:24]} 13. Qxb2
{[%clk 0:01:54]} Qe7 {[%clk 0:02:21]} 14. Rac1 {[%clk 0:01:43]} b6
{[%clk 0:02:21]} 15. d4 {[%clk 0:01:24]} cxd4 {[%clk 0:02:22]} 16. Nxd4
{[%clk 0:01:23]} Rac8 {[%clk 0:01:04]} 17. Nb5 {[%clk 0:01:24]} Nd5
{[%clk 0:00:42]} 18. Ned6 {[%clk 0:01:16]} Rb8 {[%clk 0:00:35]} 19. e4
{[%clk 0:01:15]} Nf6 {[%clk 0:00:30]} 20. e5 {[%clk 0:01:02]} Nd5
{[%clk 0:00:32]} 21. Rfd1 {[%clk 0:00:47]} Rfd8 {[%clk 0:00:33]} 22. Nc3
{[%clk 0:00:27]} Nxe5 {[%clk 0:00:16]} 23. Nxd5 {[%clk 0:00:21]} exd5
{[%clk 0:00:17]} 24. Rxd5 {[%clk 0:00:21]} Be6 {[%clk 0:00:14]} 25. Qxe5
{[%clk 0:00:21]} Qd7 {[%clk 0:00:04]} 26. Rdd1 {[%clk 0:00:18]} Qe7
{[%clk 0:00:03]} 27. h4 {[%clk 0:00:12]} h6 {[%clk 0:00:04]} 28. Nf5
{[%clk 0:00:12]} Qf8 {[%clk 0:00:06]} 29. Nd4 {[%clk 0:00:11]} Bg4
{[%clk 0:00:07]} 30. Re1 {[%clk 0:00:08]} Qb4 {[%clk 0:00:08]} 31. Nc6
{[%clk 0:00:09]} 1-0

[Event "Russian Blitz Championship (m)"]
[Site "Sochi"]
[Date "2022.10.14"]
[Round "7.11"]
[White "Moiseenko, Vadim"]
[Black "Savchenko, Boris"]
[Result "0-1"]
[BlackElo "2530"]
[WhiteElo "2492"]
[LiveChessVersion "1.4.8"]

1. e4 {[%clk 0:03:03]} c5 {[%clk 0:03:02]} 2. c3 {[%clk 0:03:04]} Nf6
{[%clk 0:03:02]} 3. e5 {[%clk 0:03:06]} Nd5 {[%clk 0:03:04]} 4. Nf3
{[%clk 0:03:07]} Nc6 {[%clk 0:03:05]} 5. Bc4 {[%clk 0:03:08]} Nb6
{[%clk 0:03:05]} 6. Bb3 {[%clk 0:03:10]} c4 {[%clk 0:03:04]} 7. Bc2
{[%clk 0:03:11]} d5 {[%clk 0:03:02]} 8. exd6 {[%clk 0:03:11]} e5 {[%clk 0:03:03]}
9. Na3 {[%clk 0:02:56]} Bxd6 {[%clk 0:03:02]} 10. b3 {[%clk 0:02:51]} O-O
{[%clk 0:02:38]} 11. O-O {[%clk 0:02:45]} f5 {[%clk 0:02:31]} 12. Nb5
{[%clk 0:02:00]} e4 {[%clk 0:02:01]} 13. Nxd6 {[%clk 0:01:45]} Qxd6
{[%clk 0:01:58]} 14. Ng5 {[%clk 0:01:33]} Qe7 {[%clk 0:01:47]} 15. Qh5
{[%clk 0:01:27]} h6 {[%clk 0:01:38]} 16. Nh3 {[%clk 0:01:29]} Ne5
{[%clk 0:01:22]} 17. a4 {[%clk 0:01:11]} Qf6 {[%clk 0:01:19]} 18. Ba3
{[%clk 0:01:08]} Rd8 {[%clk 0:01:15]} 19. Rad1 {[%clk 0:01:01]} cxb3
{[%clk 0:01:11]} 20. Bxb3+ {[%clk 0:01:01]} Be6 {[%clk 0:01:12]} 21. Bxe6+
{[%clk 0:01:01]} Qxe6 {[%clk 0:01:12]} 22. Nf4 {[%clk 0:00:59]} Qc8
{[%clk 0:01:07]} 23. Be7 {[%clk 0:00:29]} Rd7 {[%clk 0:01:05]} 24. Bb4
{[%clk 0:00:19]} Rf7 {[%clk 0:00:52]} 25. d4 {[%clk 0:00:17]} Nec4
{[%clk 0:00:44]} 26. a5 {[%clk 0:00:18]} Nd7 {[%clk 0:00:29]} 27. Nd5
{[%clk 0:00:18]} Nf6 {[%clk 0:00:25]} 28. Nxf6+ {[%clk 0:00:17]} Rxf6
{[%clk 0:00:26]} 29. d5 {[%clk 0:00:16]} Ne5 {[%clk 0:00:26]} 30. Be7
{[%clk 0:00:14]} Rf7 {[%clk 0:00:25]} 31. d6 {[%clk 0:00:15]} Qe6
{[%clk 0:00:23]} 32. Rfe1 {[%clk 0:00:11]} Rc8 {[%clk 0:00:22]} 33. Qh3
{[%clk 0:00:06]} g5 {[%clk 0:00:18]} 34. Rxe4 {[%clk 0:00:05]} g4
{[%clk 0:00:19]} 35. Rxe5 {[%clk 0:00:06]} Qxe5 {[%clk 0:00:20]} 36. d7
{[%clk 0:00:04]} Rd8 {[%clk 0:00:16]} 37. Bxd8 {[%clk 0:00:04]} Rxd7
{[%clk 0:00:17]} 0-1

[Event "Russian Blitz Championship (m)"]
[Site "Sochi"]
[Date "2022.10.14"]
[Round "7.12"]
[White "Petrov, Nikita"]
[Black "Iljin, Timofey"]
[Result "1-0"]
[BlackElo "2404"]
[WhiteElo "2528"]
[LiveChessVersion "1.4.8"]

1. d4 {[%clk 0:03:03]} d5 {[%clk 0:03:03]} 2. Nf3 {[%clk 0:03:03]} Nf6
{[%clk 0:03:04]} 3. Bf4 {[%clk 0:03:04]} c5 {[%clk 0:03:05]} 4. e3
{[%clk 0:03:05]} Nc6 {[%clk 0:03:06]} 5. Nbd2 {[%clk 0:03:06]} cxd4
{[%clk 0:03:06]} 6. exd4 {[%clk 0:03:07]} Bf5 {[%clk 0:03:07]} 7. Bb5
{[%clk 0:03:05]} Qb6 {[%clk 0:02:59]} 8. c4 {[%clk 0:03:06]} dxc4
{[%clk 0:03:00]} 9. a4 {[%clk 0:03:07]} a6 {[%clk 0:02:57]} 10. Nxc4
{[%clk 0:03:04]} Qd8 {[%clk 0:02:58]} 11. Bxc6+ {[%clk 0:03:02]} bxc6
{[%clk 0:02:59]} 12. O-O {[%clk 0:02:56]} e6 {[%clk 0:02:52]} 13. Nfe5
{[%clk 0:02:57]} Qc8 {[%clk 0:02:23]} 14. Nb6 {[%clk 0:02:57]} Qb7
{[%clk 0:02:24]} 15. Nxa8 {[%clk 0:02:57]} Qxa8 {[%clk 0:02:26]} 16. Rc1
{[%clk 0:02:55]} Bd6 {[%clk 0:02:26]} 17. Bg3 {[%clk 0:02:19]} O-O
{[%clk 0:02:21]} 18. Nxc6 {[%clk 0:02:03]} Bxg3 {[%clk 0:02:21]} 19. Ne7+
{[%clk 0:02:04]} Kh8 {[%clk 0:02:22]} 20. Nxf5 {[%clk 0:02:03]} Bxh2+
{[%clk 0:02:21]} 21. Kxh2 {[%clk 0:02:04]} exf5 {[%clk 0:02:22]} 22. Kg1
{[%clk 0:01:58]} Qb8 {[%clk 0:02:19]} 23. Qc2 {[%clk 0:01:49]} g6
{[%clk 0:02:01]} 24. Qc7 {[%clk 0:01:49]} Nd5 {[%clk 0:01:43]} 25. Qe5+
{[%clk 0:01:40]} Qxe5 {[%clk 0:01:35]} 26. dxe5 {[%clk 0:01:40]} Rb8
{[%clk 0:01:37]} 27. Rfd1 {[%clk 0:01:36]} Nf4 {[%clk 0:01:30]} 28. Rc7
{[%clk 0:01:36]} Kg7 {[%clk 0:01:19]} 29. Rdd7 {[%clk 0:01:36]} Rxb2
{[%clk 0:01:19]} 30. Rxf7+ {[%clk 0:01:34]} Kh6 {[%clk 0:01:20]} 31. Rxh7+
{[%clk 0:01:24]} Kg5 {[%clk 0:01:22]} 32. g3 {[%clk 0:00:54]} Nd3
{[%clk 0:01:23]} 33. e6 {[%clk 0:00:44]} Nxf2 {[%clk 0:00:51]} 34. e7
{[%clk 0:00:40]} Ng4 {[%clk 0:00:23]} 35. e8=Q {[%clk 0:00:25]} Rb1+
{[%clk 0:00:24]} 36. Kg2 {[%clk 0:00:26]} Rb2+ {[%clk 0:00:25]} 37. Kf1
{[%clk 0:00:27]} Rb1+ {[%clk 0:00:26]} 38. Ke2 {[%clk 0:00:28]} Rb2+
{[%clk 0:00:27]} 39. Kd3 {[%clk 0:00:24]} Nf6 {[%clk 0:00:24]} 40. Qe3+
{[%clk 0:00:24]} Kg4 {[%clk 0:00:26]} 41. Qf4# {[%clk 0:00:24]} 1-0

[Event "Russian Blitz Championship (m)"]
[Site "Sochi"]
[Date "2022.10.14"]
[Round "7.13"]
[White "Kavyev, Ruslan"]
[Black "Demidov, Mikhail"]
[Result "0-1"]
[BlackElo "2520"]
[WhiteElo "2245"]
[LiveChessVersion "1.4.8"]

1. d4 {[%clk 0:03:02]} g6 {[%clk 0:03:03]} 2. c4 {[%clk 0:03:03]} Bg7
{[%clk 0:03:05]} 3. e4 {[%clk 0:03:05]} d6 {[%clk 0:03:05]} 4. Nc3
{[%clk 0:03:05]} e5 {[%clk 0:03:06]} 5. Nge2 {[%clk 0:02:44]} Nd7
{[%clk 0:02:51]} 6. Be3 {[%clk 0:02:36]} Ngf6 {[%clk 0:02:52]} 7. f3
{[%clk 0:02:28]} O-O {[%clk 0:02:49]} 8. d5 {[%clk 0:02:28]} Nh5 {[%clk 0:02:40]}
9. Qd2 {[%clk 0:02:27]} f5 {[%clk 0:02:38]} 10. O-O-O {[%clk 0:02:25]} fxe4
{[%clk 0:01:59]} 11. Nxe4 {[%clk 0:02:25]} b6 {[%clk 0:01:43]} 12. N2c3
{[%clk 0:02:13]} Nc5 {[%clk 0:01:41]} 13. Kb1 {[%clk 0:02:06]} Nf6
{[%clk 0:01:27]} 14. Bd3 {[%clk 0:01:57]} Nfxe4 {[%clk 0:01:15]} 15. Nxe4
{[%clk 0:01:57]} Bf5 {[%clk 0:01:10]} 16. Qc2 {[%clk 0:01:37]} Nxd3
{[%clk 0:01:10]} 17. Qxd3 {[%clk 0:01:37]} Qh4 {[%clk 0:01:00]} 18. g4
{[%clk 0:01:35]} Bxe4 {[%clk 0:00:56]} 19. Qxe4 {[%clk 0:01:35]} Bh6
{[%clk 0:00:55]} 20. Bxh6 {[%clk 0:01:12]} Qxh6 {[%clk 0:00:56]} 21. Rdf1
{[%clk 0:00:28]} Rf4 {[%clk 0:00:48]} 22. Qe2 {[%clk 0:00:27]} Qh3
{[%clk 0:00:47]} 23. Rhg1 {[%clk 0:00:24]} Raf8 {[%clk 0:00:47]} 24. Rg3
{[%clk 0:00:24]} Qh4 {[%clk 0:00:40]} 25. Rfg1 {[%clk 0:00:20]} Qf6
{[%clk 0:00:38]} 26. c5 {[%clk 0:00:05]} bxc5 {[%clk 0:00:35]} 27. Qa6
{[%clk 0:00:03]} Rxf3 {[%clk 0:00:30]} 28. Rxf3 {[%clk 0:00:04]} Qxf3
{[%clk 0:00:31]} 29. a3 {[%clk 0:00:04]} Qxd5 {[%clk 0:00:22]} 30. Qxa7
{[%clk 0:00:04]} Rf7 {[%clk 0:00:22]} 31. g5 {[%clk 0:00:03]} Kg7
{[%clk 0:00:22]} 32. Qb8 {[%clk 0:00:04]} e4 {[%clk 0:00:21]} 33. a4
{[%clk 0:00:05]} e3 {[%clk 0:00:20]} 34. Qe8 {[%clk 0:00:05]} Qd3+
{[%clk 0:00:20]} 35. Ka1 {[%clk 0:00:04]} e2 {[%clk 0:00:19]} 36. Ka2
{[%clk 0:00:05]} d5 {[%clk 0:00:10]} 37. Qe5+ {[%clk 0:00:06]} Kg8
{[%clk 0:00:11]} 38. Qe8+ {[%clk 0:00:08]} Rf8 {[%clk 0:00:11]} 39. Qe6+
{[%clk 0:00:09]} Kh8 {[%clk 0:00:13]} 40. Qe5+ {[%clk 0:00:10]} Kg8 41. Qe6+ Rf7
{[%clk 0:00:15]} 42. Qe8+ {[%clk 0:00:13]} Kg7 {[%clk 0:00:16]} 43. Qe5+
{[%clk 0:00:14]} Kf8 {[%clk 0:00:17]} 44. Qh8+ {[%clk 0:00:12]} Ke7
{[%clk 0:00:19]} 45. Qe5+ {[%clk 0:00:14]} Kd7 {[%clk 0:00:20]} 46. Re1
{[%clk 0:00:11]} Re7 {[%clk 0:00:20]} 47. Qf6 {[%clk 0:00:08]} Qc4+
{[%clk 0:00:21]} 48. b3 {[%clk 0:00:07]} Qc2+ {[%clk 0:00:21]} 49. Ka3
{[%clk 0:00:08]} Qd2 {[%clk 0:00:20]} 50. Qf2 {[%clk 0:00:08]} d4
{[%clk 0:00:19]} 51. h4 {[%clk 0:00:04]} Qb4+ {[%clk 0:00:19]} 52. Ka2
{[%clk 0:00:05]} d3 {[%clk 0:00:19]} 53. h5 {[%clk 0:00:04]} Qd4 {[%clk 0:00:19]}
54. Qf8 {[%clk 0:00:03]} c4 {[%clk 0:00:20]} 55. Rc1 {[%clk 0:00:03]} d2
{[%clk 0:00:20]} 56. Rxc4 {[%clk 0:00:04]} Qxc4 {[%clk 0:00:19]} 57. bxc4
{[%clk 0:00:05]} d1=Q {[%clk 0:00:19]} 0-1

[Event "Russian Blitz Championship (m)"]
[Site "Sochi"]
[Date "2022.10.14"]
[Round "7.14"]
[White "Ponkratov, Pavel"]
[Black "Vastrukhin, Oleg"]
[Result "1-0"]
[BlackElo "2345"]
[WhiteElo "2515"]
[LiveChessVersion "1.4.8"]

1. g3 {[%clk 0:03:02]} g6 {[%clk 0:03:00]} 2. Bg2 {[%clk 0:03:03]} Bg7
{[%clk 0:03:01]} 3. d4 {[%clk 0:03:04]} c5 {[%clk 0:03:01]} 4. d5
{[%clk 0:03:05]} d6 {[%clk 0:03:01]} 5. c4 {[%clk 0:03:04]} Nf6 {[%clk 0:02:59]}
6. Nc3 {[%clk 0:03:05]} O-O {[%clk 0:02:59]} 7. e4 {[%clk 0:03:05]} Na6
{[%clk 0:03:00]} 8. Nf3 {[%clk 0:03:01]} Nc7 {[%clk 0:03:01]} 9. O-O
{[%clk 0:03:00]} a6 {[%clk 0:03:01]} 10. a4 {[%clk 0:02:59]} Rb8 {[%clk 0:03:02]}
11. a5 {[%clk 0:03:00]} b5 {[%clk 0:03:03]} 12. axb6 Rxb6 {[%clk 0:03:04]} 13.
Ra2 {[%clk 0:03:01]} Bg4 {[%clk 0:03:02]} 14. h3 {[%clk 0:02:59]} Bxf3
{[%clk 0:03:03]} 15. Qxf3 {[%clk 0:03:00]} Nd7 {[%clk 0:03:04]} 16. Qe2
{[%clk 0:02:59]} Rb4 {[%clk 0:02:59]} 17. Bd2 {[%clk 0:02:47]} Qb8
{[%clk 0:02:53]} 18. Nd1 {[%clk 0:02:47]} Rb3 {[%clk 0:02:47]} 19. h4 h5
{[%clk 0:02:33]} 20. Bg5 {[%clk 0:02:40]} Re8 {[%clk 0:02:27]} 21. g4
{[%clk 0:02:33]} hxg4 {[%clk 0:02:22]} 22. Qxg4 {[%clk 0:02:33]} Ne5
{[%clk 0:02:16]} 23. Qe2 {[%clk 0:02:34]} e6 {[%clk 0:01:50]} 24. h5
{[%clk 0:02:25]} exd5 {[%clk 0:01:45]} 25. cxd5 {[%clk 0:02:26]} Qb5
{[%clk 0:01:40]} 26. Qxb5 {[%clk 0:02:15]} Rxb5 {[%clk 0:01:33]} 27. f4
{[%clk 0:01:45]} Nc4 {[%clk 0:01:34]} 28. hxg6 {[%clk 0:01:44]} fxg6
{[%clk 0:01:35]} 29. Ra4 {[%clk 0:01:22]} Nxb2 {[%clk 0:01:32]} 30. Nxb2
{[%clk 0:01:24]} Rxb2 {[%clk 0:01:29]} 31. e5 {[%clk 0:01:24]} Bf8
{[%clk 0:00:57]} 32. Bf6 {[%clk 0:01:25]} Rb4 {[%clk 0:00:41]} 33. Ra3
{[%clk 0:01:04]} Rd4 {[%clk 0:00:32]} 34. e6 {[%clk 0:01:03]} Rxd5
{[%clk 0:00:30]} 35. Bxd5 {[%clk 0:00:41]} Nxd5 {[%clk 0:00:31]} 36. Ba1
{[%clk 0:00:35]} Rxe6 {[%clk 0:00:30]} 37. Rxa6 {[%clk 0:00:36]} Be7
{[%clk 0:00:27]} 38. f5 {[%clk 0:00:34]} gxf5 {[%clk 0:00:24]} 39. Rxf5
{[%clk 0:00:35]} Ne3 {[%clk 0:00:17]} 40. Ra8+ {[%clk 0:00:32]} Kh7
{[%clk 0:00:18]} 41. Rf7+ {[%clk 0:00:33]} Kg6 {[%clk 0:00:16]} 42. Rf3
{[%clk 0:00:33]} Bg5 {[%clk 0:00:05]} 43. Rg3 {[%clk 0:00:30]} Kf5
{[%clk 0:00:03]} 44. Rf8+ {[%clk 0:00:30]} Ke4 {[%clk 0:00:03]} 45. Rxg5
{[%clk 0:00:30]} d5 {[%clk 0:00:04]} 46. Kf2 {[%clk 0:00:23]} c4 {[%clk 0:00:05]}
47. Rh5 {[%clk 0:00:23]} Kd3 {[%clk 0:00:05]} 48. Rf4 {[%clk 0:00:22]} Nc2
{[%clk 0:00:06]} 49. Rh3+ {[%clk 0:00:21]} Kd2 {[%clk 0:00:05]} 50. Bc3+
{[%clk 0:00:22]} Kd1 {[%clk 0:00:05]} 51. Rh1+ {[%clk 0:00:23]} 1-0

[Event "Russian Blitz Championship (m)"]
[Site "Sochi"]
[Date "2022.10.14"]
[Round "7.15"]
[White "Averin, Nikolay"]
[Black "Zakhartsov, Vladimir"]
[Result "1/2-1/2"]
[BlackElo "2492"]
[WhiteElo "2268"]
[LiveChessVersion "1.4.8"]

1. e4 {[%clk 0:03:04]} g6 {[%clk 0:03:03]} 2. d4 {[%clk 0:03:05]} Bg7
{[%clk 0:03:04]} 3. Nc3 {[%clk 0:03:06]} d6 {[%clk 0:03:05]} 4. f4
{[%clk 0:03:07]} a6 {[%clk 0:03:06]} 5. a4 {[%clk 0:02:59]} e5 {[%clk 0:02:57]}
6. dxe5 {[%clk 0:02:58]} dxe5 {[%clk 0:02:58]} 7. Qxd8+ {[%clk 0:02:58]} Kxd8 8.
fxe5 {[%clk 0:02:59]} Bxe5 {[%clk 0:02:36]} 9. Nf3 {[%clk 0:02:50]} Bxc3+
{[%clk 0:02:29]} 10. bxc3 {[%clk 0:02:51]} Be6 {[%clk 0:02:29]} 11. Ng5
{[%clk 0:02:09]} Nd7 {[%clk 0:02:20]} 12. Nxe6+ {[%clk 0:01:54]} fxe6
{[%clk 0:02:21]} 13. Bg5+ {[%clk 0:01:44]} Kc8 {[%clk 0:02:16]} 14. Bc4
{[%clk 0:01:45]} Ngf6 {[%clk 0:02:12]} 15. Bxf6 {[%clk 0:00:24]} Nxf6
{[%clk 0:02:13]} 16. Bxe6+ {[%clk 0:00:25]} Kb8 {[%clk 0:02:14]} 17. e5
{[%clk 0:00:16]} Re8 {[%clk 0:02:07]} 18. O-O-O {[%clk 0:00:16]} Rxe6
{[%clk 0:01:43]} 19. exf6 {[%clk 0:00:17]} Rxf6 {[%clk 0:01:44]} 20. Rd7
{[%clk 0:00:18]} h5 {[%clk 0:01:42]} 21. Re1 {[%clk 0:00:13]} Rc6
{[%clk 0:01:41]} 22. Kb2 {[%clk 0:00:11]} Ka7 {[%clk 0:01:40]} 23. Ree7
{[%clk 0:00:11]} Rc8 {[%clk 0:01:34]} 24. Kb3 {[%clk 0:00:05]} a5
{[%clk 0:01:34]} 25. Rg7 {[%clk 0:00:04]} Kb6 {[%clk 0:01:30]} 26. g3
{[%clk 0:00:04]} Rf8 {[%clk 0:01:28]} 27. Rgf7 {[%clk 0:00:03]} Rh8
{[%clk 0:01:08]} 28. Rh7 {[%clk 0:00:04]} Rc8 {[%clk 0:01:06]} 29. Rhg7
{[%clk 0:00:04]} Kc5 {[%clk 0:01:01]} 30. Rge7 {[%clk 0:00:05]} Kb6
{[%clk 0:00:44]} 31. Re5 {[%clk 0:00:06]} Rf8 {[%clk 0:00:40]} 32. Rdd5
{[%clk 0:00:07]} Rf2 {[%clk 0:00:09]} 33. Rb5+ {[%clk 0:00:06]} Ka7
{[%clk 0:00:09]} 34. Rxa5+ {[%clk 0:00:07]} Ra6 {[%clk 0:00:11]} 35. Rxa6+
{[%clk 0:00:05]} bxa6 {[%clk 0:00:12]} 36. h4 {[%clk 0:00:05]} Rf6
{[%clk 0:00:08]} 37. Re7 {[%clk 0:00:05]} Kb6 {[%clk 0:00:08]} 38. Rg7
{[%clk 0:00:06]} a5 {[%clk 0:00:06]} 39. Kc4 {[%clk 0:00:06]} Kc6
{[%clk 0:00:07]} 40. Kd4 {[%clk 0:00:06]} Re6 {[%clk 0:00:07]} 41. c4
{[%clk 0:00:05]} Kd6 {[%clk 0:00:08]} 42. c5+ {[%clk 0:00:05]} Kc6
{[%clk 0:00:09]} 43. c3 {[%clk 0:00:04]} Rf6 {[%clk 0:00:07]} 44. Ke5
{[%clk 0:00:03]} Rf3 {[%clk 0:00:05]} 45. Rxg6+ {[%clk 0:00:04]} Kxc5
{[%clk 0:00:07]} 46. Rg5 {[%clk 0:00:03]} Kc4 {[%clk 0:00:07]} 47. Rxh5 Rxg3
{[%clk 0:00:08]} 48. Kf6 {[%clk 0:00:04]} c5 {[%clk 0:00:08]} 49. Rg5
{[%clk 0:00:03]} Rxc3 50. h5 Kb4 {[%clk 0:00:09]} 51. h6 {[%clk 0:00:06]} Rh3
{[%clk 0:00:08]} 52. Kg7 {[%clk 0:00:06]} c4 {[%clk 0:00:08]} 53. h7
{[%clk 0:00:06]} Kxa4 {[%clk 0:00:07]} 54. h8=Q {[%clk 0:00:04]} Rxh8
{[%clk 0:00:07]} 55. Kxh8 {[%clk 0:00:05]} c3 {[%clk 0:00:08]} 56. Rg8
{[%clk 0:00:03]} c2 {[%clk 0:00:06]} 57. Rc8 {[%clk 0:00:04]} Kb3
{[%clk 0:00:07]} 58. Rb8+ {[%clk 0:00:05]} Kc3 {[%clk 0:00:07]} 59. Rc8+
{[%clk 0:00:06]} Kd2 {[%clk 0:00:08]} 60. Rd8+ {[%clk 0:00:06]} Kc1
{[%clk 0:00:09]} 61. Ra8 {[%clk 0:00:07]} Kb2 {[%clk 0:00:10]} 62. Rb8+
{[%clk 0:00:08]} Ka2 {[%clk 0:00:10]} 63. Rc8 {[%clk 0:00:09]} Kb3
{[%clk 0:00:12]} 64. Rb8+ {[%clk 0:00:09]} Ka4 {[%clk 0:00:13]} 65. Rc8
{[%clk 0:00:10]} Kb3 {[%clk 0:00:14]} 66. Rb8+ {[%clk 0:00:11]} Kc3 67. Rc8+
{[%clk 0:00:10]} Kd3 {[%clk 0:00:16]} 68. Rd8+ {[%clk 0:00:11]} Ke2
{[%clk 0:00:17]} 69. Rc8 {[%clk 0:00:12]} Kd1 {[%clk 0:00:18]} 70. Rd8+
{[%clk 0:00:13]} Kc1 {[%clk 0:00:19]} 71. Rc8 {[%clk 0:00:14]} Kb1
{[%clk 0:00:20]} 72. Rb8+ {[%clk 0:00:13]} Ka1 {[%clk 0:00:20]} 73. Rc8
{[%clk 0:00:14]} Kb2 {[%clk 0:00:21]} 74. Rb8+ {[%clk 0:00:14]} Ka3
{[%clk 0:00:22]} 75. Rc8 {[%clk 0:00:14]} Kb3 {[%clk 0:00:23]} 76. Rb8+
{[%clk 0:00:15]} Kc3 {[%clk 0:00:24]} 77. Rc8+ {[%clk 0:00:16]} Kd3
{[%clk 0:00:25]} 78. Rd8+ {[%clk 0:00:17]} Kc4 {[%clk 0:00:26]} 79. Rc8+
{[%clk 0:00:17]} 1/2-1/2

[Event "Russian Blitz Championship (m)"]
[Site "Sochi"]
[Date "2022.10.14"]
[Round "7.16"]
[White "Timerkhanov, Alexander"]
[Black "Gontcharov, Vladislav"]
[Result "0-1"]
[BlackElo "2488"]
[WhiteElo "2272"]
[LiveChessVersion "1.4.8"]

1. d4 {[%clk 0:03:02]} Nf6 {[%clk 0:03:03]} 2. Bg5 {[%clk 0:03:03]} e6
{[%clk 0:02:58]} 3. Nd2 {[%clk 0:03:04]} d5 {[%clk 0:02:58]} 4. e3
{[%clk 0:03:05]} Be7 {[%clk 0:02:56]} 5. Bd3 {[%clk 0:03:05]} Nbd7
{[%clk 0:02:55]} 6. f4 {[%clk 0:03:01]} c5 {[%clk 0:02:49]} 7. c3
{[%clk 0:03:02]} b6 {[%clk 0:02:35]} 8. Ngf3 {[%clk 0:03:03]} Bb7
{[%clk 0:02:36]} 9. Bxf6 {[%clk 0:02:58]} Nxf6 {[%clk 0:02:35]} 10. Ne5
{[%clk 0:02:59]} O-O {[%clk 0:02:28]} 11. Qf3 {[%clk 0:02:59]} a5
{[%clk 0:02:07]} 12. O-O {[%clk 0:02:47]} Ba6 {[%clk 0:02:07]} 13. Bxa6
{[%clk 0:02:41]} Rxa6 {[%clk 0:02:07]} 14. g4 {[%clk 0:02:24]} Ne8
{[%clk 0:01:57]} 15. g5 {[%clk 0:01:55]} b5 {[%clk 0:01:58]} 16. Qh5
{[%clk 0:01:45]} f6 {[%clk 0:01:32]} 17. gxf6 {[%clk 0:01:46]} Nxf6
{[%clk 0:01:31]} 18. Qh3 {[%clk 0:01:44]} b4 {[%clk 0:01:27]} 19. Kh1
{[%clk 0:01:29]} bxc3 {[%clk 0:01:20]} 20. bxc3 {[%clk 0:01:30]} cxd4
{[%clk 0:01:21]} 21. Rg1 {[%clk 0:01:07]} Ne8 {[%clk 0:01:09]} 22. cxd4
{[%clk 0:01:05]} Bf6 {[%clk 0:01:04]} 23. Ndf3 {[%clk 0:01:03]} Qe7
{[%clk 0:00:50]} 24. Ng5 {[%clk 0:00:47]} Bxg5 {[%clk 0:00:51]} 25. Rxg5
{[%clk 0:00:47]} Nd6 {[%clk 0:00:51]} 26. Rag1 {[%clk 0:00:32]} Nf5
{[%clk 0:00:51]} 27. Rh5 {[%clk 0:00:31]} h6 {[%clk 0:00:30]} 28. Ng6
{[%clk 0:00:32]} Qf7 {[%clk 0:00:25]} 29. Nxf8 {[%clk 0:00:33]} Kxf8
{[%clk 0:00:26]} 30. Qf3 {[%clk 0:00:17]} Kg8 {[%clk 0:00:21]} 31. Rh3
{[%clk 0:00:17]} Kh7 {[%clk 0:00:20]} 32. Qe2 {[%clk 0:00:12]} Rc6
{[%clk 0:00:21]} 33. Rf3 {[%clk 0:00:12]} Qc7 {[%clk 0:00:22]} 34. Rff1
{[%clk 0:00:06]} Rc2 {[%clk 0:00:22]} 35. Qf3 {[%clk 0:00:05]} Qc3
{[%clk 0:00:21]} 36. Rf2 {[%clk 0:00:05]} Rc1 {[%clk 0:00:19]} 37. Rxc1
{[%clk 0:00:05]} Qxc1+ {[%clk 0:00:20]} 38. Rf1 {[%clk 0:00:06]} Qd2
{[%clk 0:00:21]} 39. Qf2 {[%clk 0:00:05]} Qd3 {[%clk 0:00:20]} 40. Re1
{[%clk 0:00:06]} Nd6 {[%clk 0:00:20]} 41. Qe2 {[%clk 0:00:05]} Qc3
{[%clk 0:00:20]} 42. Rb1 {[%clk 0:00:04]} Nf5 {[%clk 0:00:20]} 43. Re1
{[%clk 0:00:05]} a4 {[%clk 0:00:20]} 44. Rd1 {[%clk 0:00:05]} a3 {[%clk 0:00:21]}
45. Rd3 {[%clk 0:00:05]} Qc1+ {[%clk 0:00:21]} 46. Qd1 {[%clk 0:00:05]} Qb2
{[%clk 0:00:21]} 47. Rd2 {[%clk 0:00:06]} Qc3 {[%clk 0:00:21]} 48. Rd3
{[%clk 0:00:07]} Qb2 {[%clk 0:00:22]} 49. Qd2 {[%clk 0:00:07]} Qb1+
{[%clk 0:00:20]} 50. Qd1 {[%clk 0:00:08]} Qb2 {[%clk 0:00:22]} 51. Qd2
{[%clk 0:00:06]} Qb1+ {[%clk 0:00:23]} 52. Kg2 {[%clk 0:00:04]} Nh4+
{[%clk 0:00:24]} 53. Kh3 {[%clk 0:00:05]} Nf5 {[%clk 0:00:25]} 54. Qd1
{[%clk 0:00:05]} Qxa2 {[%clk 0:00:25]} 55. Qb3 {[%clk 0:00:05]} Qf2
{[%clk 0:00:24]} 56. Qxa3 {[%clk 0:00:05]} Qf3# {[%clk 0:00:25]} 0-1